[Event "DSOL 05 Liga Gr-D 1st"]
[Site "Playchess.com INT"]
[Date "2020.08.04"]
[Round "7.3"]
[White "Kress, Alexander"]
[Black "Gissler, Thomas"]
[Result "0-1"]
[WhiteElo "1596"]
[BlackElo "1699"]
[PlyCount "194"]
[EventDate "2020.06.22"]
[EventType "team-tourn (rapid)"]
[EventCountry "GER"]
[SourceTitle "EXT 2021"]
[Source "ChessBase"]
[SourceDate "2020.10.23"]
[SourceVersion "1"]
[SourceVersionDate "2020.10.23"]
[SourceQuality "1"]
[WhiteTeam "Bad Essen"]
[BlackTeam "Zell Schwarz Weiss"]
[WhiteTeamCountry "GER"]
[BlackTeamCountry "GER"]

1. e4 c6 2. d4 d5 3. e5 Bf5 4. Bd3 Bg6 5. Nf3 e6 6. 0-0 c5 7. c3 Nc6 8. Bb5 Nge7 9. Bg5 Qb6 10. Bxc6+ Nxc6 11. Qd2 Rc8 12. Rd1 Be4 13. b3 cxd4 14. cxd4 Bb4 15. Qe3 Bxf3 16. gxf3 h6 17. Bh4 g5 18. Bg3 Ne7 19. f4 Nf5 20. Qf3 Nxd4 21. Qd3 Nf5 22. a3 Bc5 23. fxg5 hxg5 24. Nd2 Nxg3 25. hxg3 Bxf2+ 26. Kg2 Bd4 27. Rac1 Rxc1 28. Rxc1 Bxe5 29. Rc8+ Ke7 30. Rc2 a6 31. Nf3 Bf6 32. Re2 Kf8 33. a4 Kg7 34. Qc2 Qc6 35. Qd2 Qc3 36. Qd1 g4 37. Ne1 Qd4 38. Qc2 Qc3 39. Qd1 Rh3 40. Nd3 Qa1 41. Qxa1 Bxa1 42. Nf2 Rh8 43. Nxg4 Rd8 44. Nf2 e5 45. Rd2 Bd4 46. Nd3 f6 47. g4 Bc3 48. Rd1 Re8 49. Nc5 e4 50. Rxd5 e3 51. Nd3 Re7 52. Nf4 e2 53. Nxe2 Rxe2+ 54. Kf3 Re7 55. g5 a5 56. gxf6+ Kxf6 57. Rb5 Bb4 58. Kf4 Rc7 59. Rb6+ Ke7 60. Ke4 Kd7 61. Kd5 Kc8 62. Re6 Rc3 63. Kd4 Rxb3 64. Kc4 Rc3+ 65. Kb5 Kc7 66. Re5 Rb3 67. Kc4 Rb1 68. Rh5 Be1 69. Rh7+ Kb8 70. Kc5 Ka7 71. Rh8 Rb4 72. Re8 Bf2+ 73. Kd5 Rxa4 74. Re6 Rb4 75. Re2 Bh4 76. Ra2 Ka6 77. Kc5 Be7+ 78. Kd5 b5 79. Re2 Bd8 80. Re6+ Bb6 81. Kc6 Rc4+ 82. Kd5 a4 83. Rg6 a3 84. Rg2 Rc5+ 85. Ke4 Rc3 86. Rg8 b4 87. Kd5 Kb5 88. Ra8 Rc2 89. Ke4 a2 90. Kd3 b3 91. Ra3 Kb4 92. Ra6 Rc6 93. Ra8 b2 94. Kd2 a1Q 95. Rb8 Qc1+ 96. Ke2 Qe3+ 97. Kd1 Rc1# 0-1